Statistics for Pokemon Super Effectiveness

Click here to take the quiz!

General Stats

  • This quiz has been taken 994 times
  • The average score is 31 of 45

Answer Stats

HintAnswer% Correct
FireWater
100%
NormalFighting
98%
GrassFire
95%
FireGround
95%
ElectricGround
95%
WaterGrass
94%
WaterElectric
93%
FireRock
90%
IceFire
86%
GrassIce
83%
IceFighting
74%
GrassFlying
74%
FightingPsychic
74%
FightingFlying
72%
GrassPoison
72%
GroundWater
72%
FlyingElectric
71%
BugFire
70%
IceRock
70%
GroundGrass
69%
PoisonGround
68%
FlyingRock
68%
IceSteel
68%
PsychicDark
67%
PoisonPsychic
67%
RockWater
67%
FlyingIce
66%
PsychicGhost
64%
PsychicBug
63%
BugFlying
62%
RockGrass
61%
GroundIce
61%
DragonDragon
60%
DragonIce
60%
GhostDark
58%
SteelFire
58%
GhostGhost
57%
RockFighting
56%
BugRock
55%
DarkFighting
53%
RockGround
52%
SteelFighting
50%
DarkBug
49%
SteelGround
48%
RockSteel
48%

Score Distribution

Percentile by Number Answered

Percent of People with Each Score

Your Score History

You have not taken this quiz